[Event "Mogliano Veneto op-C 32nd"]
[Site "Mogliano Veneto"]
[Date "2011.05.01"]
[Round "4"]
[White "Hagiu, Stefano"]
[Black "Artuso, Sofia"]
[Result "1/2-1/2"]
[WhiteElo "1404"]
[BlackElo "1350"]
[PlyCount "27"]
[EventDate "2011.04.29"]
[EventType "swiss"]
[EventRounds "5"]
[EventCountry "ITA"]
[SourceTitle "EXT 2024"]
[Source "ChessBase"]
[SourceDate "2023.10.10"]
[SourceVersion "1"]
[SourceVersionDate "2023.10.10"]
[SourceQuality "1"]

1. e4 e5 2. Nf3 Nc6 3. d4 exd4 4. Bc4 Bc5 5. 0-0 Nf6 6. Bf4 d5 7. exd5 Nxd5 8. Bxd5 Qxd5 9. Nc3 Qf5 10. Ne2 0-0 11. Bxc7 Qg6 12. Nf4 Qf5 13. c3 dxc3 14. bxc3 1/2-1/2

[Event "Mogliano Veneto op-C 32nd"]
[Site "Mogliano Veneto"]
[Date "2011.04.29"]
[Round "1"]
[White "Bergamasco, Tommaso"]
[Black "Hagiu, Stefano"]
[Result "1-0"]
[WhiteElo "1497"]
[BlackElo "1404"]
[PlyCount "65"]
[EventDate "2011.04.29"]
[EventType "swiss"]
[EventRounds "5"]
[EventCountry "ITA"]
[SourceTitle "EXT 2024"]
[Source "ChessBase"]
[SourceDate "2023.10.10"]
[SourceVersion "1"]
[SourceVersionDate "2023.10.10"]
[SourceQuality "1"]

1. e4 e5 2. Nf3 Nc6 3. Bb5 Nf6 4. d3 Be7 5. Nc3 a6 6. Ba4 0-0 7. Bxc6 dxc6 8. Nxe5 Bd6 9. 0-0 Bc5 10. Bg5 Bd4 11. Nf3 Bg4 12. h3 Bxf3 13. Qxf3 h6 14. Bh4 b5 15. Rab1 b4 16. Ne2 Be5 17. Rfd1 a5 18. d4 Bd6 19. e5 Bxe5 20. dxe5 Qe7 21. exf6 gxf6 22. Bxf6 Qxf6 23. Qxf6 Rfe8 24. Ng3 Re6 25. Rd8+ Rxd8 26. Qxd8+ Kg7 27. Nh5+ Kg6 28. Nf4+ Kg7 29. Nxe6+ fxe6 30. Re1 h5 31. Rxe6 Kf7 32. Qd7+ Kf8 33. Re8# 1-0